000 00665 a2200181 4500
003 Nust
005 20170207153205.0
040 _cNust
082 _a005.1
100 _aKhan, Muhammad Asghar (MSCS-9)
245 _aEfficient data storage of dynamically grouped continual queries
_cMuhammad Asghar Khan
260 _bMCS,NUST
_c2005
_aRawalpindi
300 _aix, 71, p.;
505 _aIntroduction (page-1) Background study (page-6) Related work (page-12) System architecture (page-17) System execution model (page-27) System aluation (page-54) Conclusion and future work (page-62)
538 _aAlmirah No 73 Shelf No 1
650 _aPG Thesis
651 _aMSCS-9
942 _cTHS
999 _c181179
_d181179